|
|
|
|
| LEADER |
00000nam0a2200000 4500 |
| 001 |
263990 |
| 005 |
20231031222647.0 |
| 010 |
|
|
|a 5250002013
|
| 020 |
|
|
|a RU
|b 88-63740
|
| 035 |
|
|
|a (RuTPU)RU\TPU\book\286981
|
| 090 |
|
|
|a 263990
|
| 100 |
|
|
|a 20140616d1988 k y0rusy5003 ca
|
| 101 |
1 |
|
|a rus
|c gre
|
| 102 |
|
|
|a RU
|
| 105 |
|
|
|a y z 100zy
|
| 200 |
1 |
|
|a XII съезд Коммунистической партии Греции, Афины, 12-16 мая 1987 г.
|e пер. с греч.
|
| 210 |
|
|
|a Москва
|c Политиздат
|d 1988
|
| 215 |
|
|
|a 157 с.
|
| 225 |
1 |
|
|a Документы и материалы зарубежных коммунистических и рабочих партий
|
| 333 |
|
|
|a Исключено из фонда НТБ ТПУ
|
| 801 |
|
0 |
|a RU
|b RuMRKP
|c 19950417
|g psbo
|
| 801 |
|
1 |
|a RU
|b 63413507
|c 20140616
|
| 801 |
|
2 |
|a RU
|b 63413507
|c 20220314
|g RCR
|
| 942 |
|
|
|c BK
|